|
|
|
|
| LEADER |
00000nab a2200000 a 4500 |
| 001 |
vtls000469874 |
| 003 |
SK-MaSNL |
| 005 |
20260411190101.0 |
| 008 |
230217c1990 xo 0 eng |
| 015 |
|
|
|a SNBRB19rr/mm-uuuuu
|
| 035 |
|
|
|a CL0470007
|
| 035 |
|
|
|a urn:nbn:sk:snk-ab79a7
|
| 035 |
|
|
|a (uuid)578866e9-b8b9-4e8d-9f07-f02f7af20a16
|
| 035 |
|
|
|a (urnnbn)urn:nbn:sk:snk:ar-a079gv
|
| 035 |
|
|
|a (sysno)vtls000469874
|
| 040 |
|
|
|a SNKBUCL
|b slo
|c SNKBUCL
|e AACR2
|
| 041 |
0 |
|
|a eng
|
| 044 |
|
|
|a xo
|c SK
|
| 080 |
|
|
|a 552.43(234.372.3)
|2 1981
|
| 080 |
|
|
|a 552.16
|2 1981
|
| 100 |
1 |
|
|a Dyda, Marian,
|d 1945-2026
|4 aut
|9 125886
|
| 245 |
1 |
0 |
|a Metamorphic processes in paragneisses from the Suchý and Malá Magura Mts. (the Western Carpathians)
|c Marian Dyda
|
| 650 |
0 |
7 |
|a pararuly
|2 snkbucl
|9 843142
|
| 651 |
|
7 |
|a Západné Karpaty (pohorie)
|2 snkbucl
|9 175174
|
| 655 |
|
7 |
|a články z novín a časopisov
|2 snkbucl
|9 267496
|
| 773 |
0 |
|
|t Geologický zborník
|g Roč. 41, č. 3 (1990), s. Lit. 42 zázn. v slov., angl
|
| 850 |
|
|
|a Slovenská národná knižnica v Martine
|a MTA001
|
| 852 |
|
|
|a SNK
|b KIS3GCP
|
| 958 |
|
|
|a NB
|
| 958 |
|
|
|a RK
|
| 958 |
|
|
|a OND
|
| 958 |
|
|
|a EUIPO
|
| 958 |
|
|
|a article27
|
| 992 |
|
|
|a RBX
|
| 999 |
|
|
|c 1960721
|d 1962651
|